000 00648cam a2200217 4500500
005 20260329004944.0
041 _afre
042 _adc
100 1 0 _aPortevin, Catherine
_eauthor
245 0 0 _aRepenser l’identité. Ces mensonges qui unissent
260 _c2021.
500 _a14
690 _aCulture
690 _aFiction
690 _aHomosexualité
690 _aIdentité
690 _aKwame Anthony Appiah
690 _aNoir
786 0 _nPhilosophie magazine | 154 | 11 | 2021-11-01 | p. 55-56 | 1951-1787
856 4 1 _uhttps://shs.cairn.info/magazine-philosophie-magazine-2021-11-page-55?lang=fr&redirect-ssocas=7080
999 _c1838901
_d1838901